MARC

Tag First Indicator Second Indicator Subfields
LEADER 00000pam a2200000 a 4500
001 in00001558607
005 20151022073908.0
008 980529s1999 nyu b 000 0 eng
010 |a  98027357  
020 |a 082044152X (alk. paper) 
035 |a (OCoLC)ocm39256594 
040 |a DLC  |c DLC  |d OHX  |d TXA  |d UtOrBLW 
049 |a TXAM 
050 0 0 |a PT2309.B6  |b N57 2000 
072 7 |a PT  |2 lcco 
082 0 0 |a 831/.7  |2 21 
100 1 |a Nisbet, Delia Fabbroni-Giannotti,  |d 1943- 
245 1 0 |a Heinrich Heine and Giacomo Leopardi :  |b the rhetoric of Midrash /  |c Delia Fabbroni-Giannotti Nisbet. 
264 1 |a New York :  |b P. Lang,  |c [2000] 
264 4 |c ©2000 
300 |a viii, 151 pages ;  |c 24 cm. 
336 |a text  |b txt  |2 rdacontent 
337 |a unmediated  |b n  |2 rdamedia 
338 |a volume  |b nc  |2 rdacarrier 
490 1 |a Studies on themes and motifs in literature,  |v vol. 47 
504 |a Includes bibliographical references (pages [137]-142) and index. 
600 1 0 |a Heine, Heinrich,  |d 1797-1856.  |t Ludwig Börne. 
600 1 0 |a Leopardi, Giacomo,  |d 1798-1837.  |t Operette morali. 
600 1 0 |a Heine, Heinrich,  |d 1797-1856  |x Religion. 
600 1 0 |a Heine, Heinrich,  |d 1797-1856  |x Political and social views. 
600 1 0 |a Leopardi, Giacomo,  |d 1798-1837  |x Religion. 
600 1 0 |a Leopardi, Giacomo,  |d 1798-1837  |x Political and social views. 
650 0 |a Midrash  |x History and criticism. 
630 0 0 |a Bible.  |p Old Testament  |x Criticism, interpretation, etc., Jewish  |x History. 
830 0 |a Studies on themes and motifs in literature ;  |v vol. 47. 
938 |a Otto Harrassowitz  |b HARR  |n har000662079  |c 100.00 DEM 
948 |a cataloged  |b h  |c 2000/10/5  |d c  |e pkellar  |f 12:36:38 pm 
994 |a E0  |b TXA 
999 |a MARS 
999 f f |s 1488ebee-df90-3b3f-9315-79c4059bab85  |i 18147330-7c5b-3342-9e59-a864d1340dbb  |t 0 
952 f f |p ric  |a Texas A&M University  |b Rellis Campus  |c Joint Library Facility  |d Remote Storage  |t 0  |e PT2309.B6 N57 2000  |h Library of Congress classification  |i unmediated -- volume  |m A14826836426 
998 f f |a PT2309.B6 N57 2000  |t 0  |l Remote Storage